[Event "GER-ch U10 Girls"]
[Site "Willingen"]
[Date "2019.06.13"]
[Round "8"]
[White "Bauer, Laura Sophie"]
[Black "Jannicke, Svea"]
[Result "0-1"]
[WhiteElo "1356"]
[BlackElo "1062"]
[PlyCount "100"]
[EventDate "2019.06.08"]
[EventType "swiss"]
[EventRounds "11"]
[EventCountry "GER"]
[SourceTitle "EXT 2020"]
[Source "ChessBase"]
[SourceDate "2019.10.17"]
[SourceVersion "1"]
[SourceVersionDate "2019.10.17"]
[SourceQuality "1"]

1. e4 c6 2. d4 d5 3. Nc3 dxe4 4. Nxe4 Nf6 5. Nxf6+ exf6 6. Nf3 Bf5 7. Bd3 Bxd3 8. Qxd3 c5 9. 0-0 cxd4 10. Nxd4 Be7 11. Qb5+ Qd7 12. Qxd7+ Nxd7 13. Re1 Ne5 14. f4 Nc6 15. Nxc6 bxc6 16. Bd2 Rb8 17. b3 Rb7 18. Rad1 0-0 19. Bc3 Re8 20. Bd4 a6 21. Bc5 Bxc5+ 22. Kh1 Rxe1+ 23. Rxe1 Kf8 24. h4 Bf2 25. Re2 Bxh4 26. Kh2 g5 27. g3 Bxg3+ 28. Kxg3 Re7 29. Rxe7 Kxe7 30. fxg5 fxg5 31. b4 f5 32. a4 f4+ 33. Kf3 Kd6 34. c4 c5 35. b5 axb5 36. cxb5 Kc7 37. a5 Kb7 38. b6 c4 39. Ke2 g4 40. a6+ Kxa6 41. b7 Kxb7 42. Kd2 g3 43. Ke2 g2 44. Kf2 f3 45. Kg1 c3 46. Kh2 c2 47. Kh3 g1Q 48. Kh4 c1R 49. Kh5 Rc2 50. Kh6 Rh2# 0-1

[Event "GER-ch U10 Girls"]
[Site "Willingen"]
[Date "2019.06.09"]
[Round "1"]
[White "Sickmann, Lisa"]
[Black "Jannicke, Svea"]
[Result "0-1"]
[WhiteElo "1418"]
[BlackElo "1062"]
[PlyCount "168"]
[EventDate "2019.06.08"]
[EventType "swiss"]
[EventRounds "11"]
[EventCountry "GER"]
[SourceTitle "EXT 2020"]
[Source "ChessBase"]
[SourceDate "2019.10.17"]
[SourceVersion "1"]
[SourceVersionDate "2019.10.17"]
[SourceQuality "1"]

1. e4 c5 2. Nf3 d6 3. d4 cxd4 4. Nxd4 Nf6 5. Nc3 a6 6. f3 g6 7. Be3 e5 8. Nb3 Bg7 9. Qd2 Be6 10. 0-0-0 0-0 11. Qxd6 Qxd6 12. Rxd6 Nbd7 13. Nc5 Nxc5 14. Bxc5 Rfc8 15. Bb6 Nd7 16. Bf2 Bh6+ 17. Kb1 b5 18. Be2 b4 19. Nd5 Bxd5 20. Rxd5 Rd8 21. Rd6 Bf8 22. Rxa6 Rxa6 23. Bxa6 Ra8 24. Bb5 Nf6 25. Rd1 Rb8 26. Ba4 Ne8 27. Bg3 Bg7 28. Rd5 f6 29. Bxe8 Rxe8 30. Rb5 Rd8 31. Rd5 Rb8 32. Bf2 Kf8 33. Bc5+ Ke8 34. Be3 Ke7 35. Ra5 Rd8 36. Ra4 Rd1+ 37. Bc1 Bh6 38. Ra7+ Kd6 39. a3 Rxc1+ 40. Ka2 Rxc2 41. Kb3 Rd2 42. axb4 Kc6 43. Rxh7 Be3 44. Rf7 Bd4 45. Ka4 Rxb2 46. Rxf6+ Kb7 47. b5 Rxg2 48. h4 Bf2 49. Ka5 Bxh4 50. Rf7+ Kb8 51. Rd7 Ra2+ 52. Kb6 Bf2+ 53. Kc6 Rc2+ 54. Kd5 Rd2+ 55. Ke6 Rxd7 56. Kxd7 Kb7 57. Ke6 Bg3 58. Kf6 Kb6 59. Kxg6 Kxb5 60. Kf5 Bf4 61. Kg4 Kc4 62. Kh3 Kd4 63. Kg2 Ke3 64. Kf1 Kxf3 65. Ke1 Kxe4 66. Kf1 Ke3 67. Kg2 Kd2 68. Kf3 Kd3 69. Kf2 e4 70. Kg2 Kd2 71. Kf1 e3 72. Kg1 e2 73. Kg2 e1Q 74. Kf3 Qe3+ 75. Kg4 Qf2 76. Kh5 Qg2 77. Kh4 Bc7 78. Kh5 Ke3 79. Kh6 Kf4 80. Kh7 Bb6 81. Kh8 Kf5 82. Kh7 Kf6 83. Kh8 Kf7 84. Kh7 Qg7# 0-1